Romancero de la Conquista / (Record no. 4735)
[ view plain ]
| 000 -CABECERA | |
|---|---|
| campo de control de longitud fija | 00677pam a2200193 a 4500 |
| 001 - NÚMERO DE CONTROL | |
| campo de control | 000004929 |
| 005 - FECHA Y HORA DE LA ÚLTIMA TRANSACCIÓN | |
| campo de control | 20200929151534.0 |
| 008 - DATOS DE LONGITUD FIJA--INFORMACIÓN GENERAL | |
| campo de control de longitud fija | 851023s1985 pr a j b s000 0 spa |
| 020 ## - NÚMERO INTERNACIONAL ESTÁNDAR DEL LIBRO | |
| Número Internacional Estándar del Libro | 0847735338 (pbk.) |
| 040 ## - FUENTE DE LA CATALOGACIÓN | |
| Centro catalogador/agencia de origen | DO-SdBNP |
| Lengua de catalogación | spa |
| Centro/agencia transcriptor | BNPHU |
| 100 1# - ENTRADA PRINCIPAL--NOMBRE DE PERSONA | |
| Nombre de persona | Feliciano Mendoza, Ester |
| 9 (RLIN) | 14245 |
| 245 10 - MENCIÓN DE TÍTULO | |
| Título | Romancero de la Conquista / |
| Mención de responsabilidad, etc. | Ester Feliciano Mendoza. |
| 260 ## - PUBLICACIÓN, DISTRIBUCIÓN, ETC. | |
| Lugar de publicación, distribución, etc. | Rio Piedras, P. R. : |
| Nombre del editor, distribuidor, etc. | Universidad de Puerto Rico, |
| Fecha de publicación, distribución, etc. | 1985. |
| 300 ## - DESCRIPCIÓN FÍSICA | |
| Extensión | 71 p. : |
| Otras características físicas | il. ; |
| Dimensiones | 29 cm. |
| 490 1# - MENCIÓN DE SERIE | |
| Mención de serie | Ninos y letras |
| 504 ## - NOTA DE BIBLIOGRAFÍA, ETC. | |
| Nota de bibliografía, etc. | Bibliografía: p. 71. |
| 520 ## - SUMARIO, ETC. | |
| Sumario, etc. | Una colección de poemas en español que relata la conquista de Puerto Rico por los españoles. |
| 830 #0 - PUNTO DE ACCESO ADICIONAL DE SERIE-TÍTULO UNIFORME | |
| Título uniforme | Ninos y letras |
| 9 (RLIN) | 14246 |
| Estado de retiro | Estado de pérdida | Restricciones de uso | No para préstamo | Código de colección | Localización permanente | Ubicación/localización actual | Ubicación en estantería | Fecha de adquisición | Número de inventario | Total de préstamos | Signatura topográfica completa | Código de barras | Fecha visto por última vez | Precio válido a partir de | Tipo de ítem Koha |
|---|---|---|---|---|---|---|---|---|---|---|---|---|---|---|---|
| Préstamo interno | Monografías: Libros y Folletos | General | General | En catalogación | 27.07.2009 | LF1 | 4929-10 | 25.06.2020 | 25.06.2020 | Préstamo interno |
